শতবর্ষের পদাতিক সুভাষ মুখোপাধ্যায় : (Record no. 2441)
[ view plain ]
| 000 -LEADER | |
|---|---|
| fixed length control field | 01115nam a2200229 a 4500 |
| 003 - CONTROL NUMBER IDENTIFIER | |
| control field | BD-DhJNU |
| 005 - DATE AND TIME OF LATEST TRANSACTION | |
| control field | 20251215063310.0 |
| 008 - FIXED-LENGTH DATA ELEMENTS--GENERAL INFORMATION | |
| fixed length control field | 251108s2021 bg |||g |||| 000 1|ben|d |
| 020 ## - INTERNATIONAL STANDARD BOOK NUMBER | |
| International Standard Book Number | 9789849512523 |
| 040 ## - CATALOGING SOURCE | |
| Original cataloging agency | BD-DhJNU |
| Language of cataloging | ben |
| Transcribing agency | BD-DhJNU |
| Modifying agency | BD-DhJNU |
| 041 ## - LANGUAGE CODE | |
| Language code of text/sound track or separate title | ben |
| 082 ## - DEWEY DECIMAL CLASSIFICATION NUMBER | |
| Classification number | 891.441092 SHO |
| Edition number | 23 |
| 245 10 - TITLE STATEMENT | |
| Title | শতবর্ষের পদাতিক সুভাষ মুখোপাধ্যায় : |
| Remainder of title | অপ্রকাশিত পত্রাবলি / |
| Statement of responsibility, etc. | আবুল আহসান চৌধুরী (সম্পাদনা) |
| 246 ## - VARYING FORM OF TITLE | |
| Title proper/short title | Shotoborsher Podatik Subhash Mukhopaddhay : Aprokashito Potraboli |
| 250 ## - EDITION STATEMENT | |
| Edition statement | 1st ed. |
| 260 ## - PUBLICATION, DISTRIBUTION, ETC. | |
| Place of publication, distribution, etc. | ঢাকা : |
| Name of publisher, distributor, etc. | জার্নিম্যান বুকস, |
| Date of publication, distribution, etc. | 2021. |
| 300 ## - PHYSICAL DESCRIPTION | |
| Extent | ১০০ পৃ. : |
| Other physical details | চিত্র ; |
| Dimensions | ১২ সেমি.। |
| 504 ## - BIBLIOGRAPHY, ETC. NOTE | |
| Bibliography, etc. note | গ্রন্থপঞ্জিগত নির্দেশিকা ও নিঘন্ট অন্তভূক্ত |
| 650 ## - SUBJECT ADDED ENTRY--TOPICAL TERM | |
| Topical term or geographic name entry element | সুভাষ মুখোপাধ্যায়ের পত্রাবলি |
| 650 ## - SUBJECT ADDED ENTRY--TOPICAL TERM | |
| Topical term or geographic name entry element | Subhash Mukhopadhyay |
| 942 ## - ADDED ENTRY ELEMENTS (KOHA) | |
| Koha item type | Books |
| Withdrawn status | Lost status | Source of classification or shelving scheme | Damaged status | Not for loan | Collection | Home library | Current library | Shelving location | Date acquired | Source of acquisition | Total checkouts | Full call number | Barcode | Date last seen | Copy number | Price effective from | Koha item type |
|---|---|---|---|---|---|---|---|---|---|---|---|---|---|---|---|---|---|
| Dewey Decimal Classification | Non-fiction | Jagannath University Central Library | Jagannath University Central Library | General stacks | 12/15/2025 | Purchased | 891.441092 SHO | JNUCL36387 | 12/15/2025 | 1 | 12/15/2025 | Books |